000 00922cam a22002654a 4500
001 13643830
005 20250223202601.0
008 040701s2005 njua b 001 0 eng
020 _a9780130497628
050 0 0 _aRM262
_b.P466 2005
082 0 0 _a615.5/8
_222
245 0 0 _aPharmacotherapeutics :
_ba primary care clinical guide /
_cEllis Quinn Youngkin ... [et al.].
250 _a2nd ed.
260 _aUpper Saddle River, N.J. :
_bPearson Prentice Hall,
_cc2005.
300 _axvi, 1365 p. :
_bill. ;
_c26 cm.
650 0 _aChemotherapy.
650 0 _aPharmacology.
650 0 _aPrimary care (Medicine)
650 1 2 _aDrug Therapy
_xmethods.
650 2 2 _aPharmaceutical Preparations
_xadministration & dosage.
650 2 2 _aPrimary Health Care
_xmethods.
700 1 _aYoungkin, Ellis Quinn.
856 4 1 _3Table of contents
_uhttp://www.loc.gov/catdir/toc/ecip0419/2004015064.html
942 _2lcc
_cBK
_e2nd ed.
_n0
999 _c4245
_d4245